Statistiken für Top 15 Länder mit Covid-19-Todesfällen - 14. März 2021

Klicken Sie hier um das Quiz zu spielen!

Allgemein

  • Dieses Quiz wurde 13 mal gespielt
  • Das Durchschnittsergebnis liegt bei 17 aus 24

Antwortstatistiken

Land% Korrekt
Vereinigte Staaten
100%
Argentinien
92%
Brasilien
92%
Deutschland
92%
Indien
92%
Italien
92%
Mexiko
92%
Russland
92%
Spanien
92%
Vereinigtes Königreich
92%
Frankreich
77%
Iran
77%
Tschechien
77%
Belgien
69%
Peru
69%
Portugal
69%
Kolumbien
54%
Slowakei
54%
Slowenien
54%
Südafrika
54%
Ungarn
46%
Bosnien und
Herzegowina
31%
Bulgarien
31%
Nordmazedonien
15%

Verteilung der Resultate

Perzentil nach korrekt beantworteten Fragen

Anzahl Personen mit jedem Resultat

Ihre Resultats-Entwicklung

Sie haben dieses Quiz noch nicht gespielt